000 00482nam a2200169Ia 4500
008 151213s9999 xx 000 0 und d
020 _a710062826
100 _aRonald Paulson & Thomas Lockwood
245 _aHenry Fielding The Critical Heritage
_cRonald Paulson & Thomas Lockwood
250 _a1st
260 _aLondon
_bRoutlege & kegun Paul
_c1969
300 _a4483 p.
650 _aCritics
650 _aEnglish
700 _aRonald Paulson & Thomas Lockwood
999 _c2858
_d2858